Suomalaisia elokuvia kuvien mukaan - Statistics

Yleistilastot
  • Tätä visaa on pelattu 55 kertaa
  • Keskiarvotulos 10 / 16
Vastaustilastot
Kuvavisa Vastaus % Oikein
Tuntematon sotilas
96%
Risto Räppääjä
94%
Uuno Turhapuro armeijan leivissä
92%
Mielensäpahoittaja
90%
Pahat pojat
76%
Heinähattu ja Vilttitossu
74%
Napapiirin sankarit
74%
Häjyt
70%
Yösyöttö
64%
Komisario Palmun erehdys
48%
Tove
46%
Levottomat
42%
Teräsleidit
38%
Menolippu Mombasaan
32%
Mies vailla menneisyyttä
26%
Kulkurin valssi
24%
Ehtoja vastaavia visoja ei löytynyt
Tulosjakauma
Jokaisen tuloksen saaneiden osuus
Persentiili vastausten määrän mukaan
Tuloshistoriasi
Et ole pelannut tätä visaa